Our common seas : coasts in crisis
Αποθηκεύτηκε σε:
| Κύριος συγγραφέας: | |
|---|---|
| Μορφή: | Βιβλίο |
| Γλώσσα: | English |
| Δημοσίευση: |
London : Nairobi :
Earthscan in association with United Nations Environment Programme,
1990
|
| Θέματα: | |
| Ετικέτες: |
Προσθήκη ετικέτας
Δεν υπάρχουν, Καταχωρήστε ετικέτα πρώτοι!
|
MARC
| LEADER | 00000nam a2200000 i 4500 | ||
|---|---|---|---|
| 001 | 1/12003 | ||
| 008 | 980217s1990 eng d | ||
| 020 | |a 1-85383-030-5 | ||
| 035 | |1 ΠΑΡ |a 1997 |l 10018467 | ||
| 040 | |a GR-MY-UA |b gre |e aacr | ||
| 041 | 0 | |a eng | |
| 082 | 0 | |a 333.916416 | |
| 100 | 1 | |a Hinrichsen, Don. | |
| 245 | 1 | 0 | |a Our common seas : |b coasts in crisis / |c Don Hinrichsen |
| 260 | |a London : |a Nairobi : |b Earthscan in association with United Nations Environment Programme, |c 1990 | ||
| 300 | |a 184 p. | ||
| 504 | |a Includes bibliographical references and index | ||
| 650 | 0 | 0 | |a Coastal ecology. |
| 650 | 0 | 0 | |a Marine ecology. |
| 650 | 0 | 0 | |a Marine pollution. |
| 650 | 0 | 0 | |a Conservation of natural resources. |
| 650 | 0 | 0 | |a Waste disposal in the ocean |x Environmental aspects. |
| 852 | |a INST |b LESVOS |e 19980217 |h 333.916416 HIN |p 005100015103 |q 005100015103 |t BK |y 0 | ||
| 901 | |a BIBL1-2000-2 | ||
| 909 | |a Λ |b 052217 | ||
| 922 | |a 1ΕΛΗ |b 199712 |c ΚΠΣ/ΣΚΟΥΡΤΟΣ |d ΠΑΠΑΣΩΤΗΡΙΟΥ | ||
| 950 | |a 054/1996-02-23 | ||
| 970 | |z 2000/06/ELIDOC | ||